Logics and languages

Routledge library editions: Philosophy of language; Includes bibliography and indexes

Spremljeno u:
Bibliografski detalji
Glavni autor: Cresswell, M. J
Format: Knjiga
Jezik:Undetermined
Izdano: NY. Routledge 2017
Teme:
Online pristup:http://lrc.tdmu.edu.vn/opac/search/detail.asp?aID=2&ID=35524
Oznake: Dodaj oznaku
Bez oznaka, Budi prvi tko označuje ovaj zapis!
Thư viện lưu trữ: Trung tâm Học liệu Trường Đại học Thủ Dầu Một
LEADER 00766nam a2200205Ia 4500
001 TDMU_35524
008 210410s9999 xx 000 0 und d
082 |a 332.3 
090 |b CR206 
100 |a Cresswell, M. J 
245 0 |a Logics and languages 
245 0 |c M. J. Cresswell 
260 |a NY. 
260 |b Routledge 
260 |c 2017 
300 |a xi, 273 p. 
520 |a Routledge library editions: Philosophy of language; Includes bibliography and indexes 
650 |a Language and languages  |x Philosophy; Semantics (Philosophy); Ngôn ngữ học  |x Triết học; Ngữ nghĩa học (Triết học) 
856 |u http://lrc.tdmu.edu.vn/opac/search/detail.asp?aID=2&ID=35524 
980 |a Trung tâm Học liệu Trường Đại học Thủ Dầu Một